Первые ракетки мира - Statistics

General Stats
  • This quiz has been taken 76 times
    43 since last reset
  • The average score is 9 of 29
Answer Stats
Страна Кол-во недель Теннисист % Correct
Сербия 389 Новак Джокович
100%
Швейцария 310 Роджер Федерер
88%
Испания 209 Рафаэль Надаль
79%
Россия 16 Даниил Медведев
79%
Россия 9 Марат Сафин
52%
Россия 6 Евгений Кафельников
45%
Италия 10 Янник Синнер
42%
США 286 Пит Сампрас
39%
США 101 Андре Агасси
39%
Великобритания 41 Энди Маррей
36%
Испания 36 Карлос Алькарас
30%
Германия 12 Борис Беккер
24%
Чехословакия 270 Иван Лендл
21%
Бразилия 43 Густаво Куэртен
21%
США 13 Энди Роддик
21%
Швеция 72 Стефан Эдберг
18%
Испания 2 Карлос Мойя
18%
США 170 Джон Макинрой
15%
Австралия 80 Ллейтон Хьюитт
15%
США 58 Джим Курье
15%
Испания 8 Хуан Карлос Ферреро
15%
Швеция 109 Бьорн Борг
12%
Швеция 20 Матс Виландер
12%
Чили 6 Марсело Риос
12%
США 268 Джимми Коннорс
9%
Австрия 6 Томас Мустер
6%
Австралия 1 Патрик Рафтер
6%
Румыния 40 Илие Настасе
3%
Австралия 8 Джон Ньюкомб
3%
No matching quizzes found
Score Distribution
Percent of People with Each Score
Percentile by Number Answered
Your Score History
You have not taken this quiz since the last reset